Loading...
| Fine Arts - Classical Music | 0 | 11 | 0 | 1 | 110 | 94 | 128.64 | 0 | 0 | 5.41 | 27.71 |
| Philosophy | 0 | 11 | 2 | 0 | 100 | 91 | 121.09 | 0 | 0 | 7.18 | 34.15 |
| Literature - World | 0 | 10 | 0 | 0 | 100 | 98 | 127.20 | 0 | 1 | 7.82 | 32.60 |
| Fine Arts - Other | 0 | 8 | 0 | 0 | 80 | 86 | 121.38 | 0 | 0 | 6.66 | 20.69 |
| Science - Other | 0 | 6 | 0 | 1 | 60 | 118 | 126.00 | 0 | 0 | 1.43 | 9.90 |
| Literature - American | 0 | 7 | 3 | 1 | 55 | 128 | 143.14 | 0 | 0 | 2.42 | 14.57 |
| Literature - British | 0 | 5 | 1 | 1 | 45 | 118 | 141.80 | 0 | 0 | 1.60 | 6.11 |
| History - American | 0 | 4 | 1 | 0 | 35 | 109 | 113.50 | 0 | 0 | 3.73 | 15.11 |
| Fine Arts - Painting & Sculpture | 0 | 5 | 4 | 0 | 30 | 107 | 122.20 | 0 | 0 | 3.56 | 15.42 |
| Science - Physics | 0 | 2 | 0 | 0 | 20 | 114 | 122.00 | 0 | 0 | 0.90 | 5.69 |
| Mythology | 0 | 2 | 0 | 0 | 20 | 87 | 101.00 | 0 | 0 | 5.94 | 13.20 |
| Literature - European | 0 | 2 | 1 | 0 | 15 | 100 | 123.00 | 0 | 0 | 1.69 | 5.12 |
| Other Academic | 0 | 1 | 0 | 0 | 10 | 137 | 137.00 | 0 | 0 | 0.18 | 6.77 |
| Geography | 0 | 1 | 0 | 0 | 10 | 137 | 137.00 | 0 | 0 | 0.09 | 4.17 |
| Social Science | 0 | 1 | 2 | 0 | 0 | 111 | 111.00 | 0 | 0 | 0.90 | 4.41 |
| Science - Chemistry | 0 | 0 | 1 | 0 | -5 | 0.00 | 0 | 0 | 0.00 | 0.00 | |
| History - World | 0 | 0 | 1 | 0 | -5 | 0.00 | 0 | 0 | 0.00 | 0.00 |